| 000 | 00000nam##2200000za#4500 |
| 001 | 9.570504 |
| 003 | CaOODSP |
| 005 | 20210624182254 |
| 007 | cr ||||||||||| |
| 008 | 150406|2005||||xxc|||||o f|0| 0 eng|d |
| 022 | |a1919-5087 |
| 040 | |aCaOODSP|beng |
| 043 | |an-cn--- |
| 086 | 1 |aFs70-6/2005-008E-PDF |
| 110 | 1 |aCanada. |bDepartment of Fisheries and Oceans. |bGulf Region. |
| 245 | 10|aAmerican plaice in the southern Gulf of St. Lawrence (div. 4T) |h[electronic resource] |
| 246 | 1 |aGulf region - American plaice (div. 4T) |
| 260 | |aDartmouth - Nova Scotia : |bFisheries and Oceans Canada. |cMarch 2005. |
| 300 | |a5p.|bgraphs, maps, references, table, photographs |
| 490 | 1 |aCanadian Science Advisory Secretariat science advisory report |x1919-5087|v2005/008, Gulf Region |
| 590 | |a11-11-Supp|b2011-07-13 |
| 775 | 08|tPlie canadienne du sud du golfe du Saint-Laurent (div. 4T) |w(CaOODSP)9.601152 |
| 830 | #0|aScience advisory report (Canadian Science Advisory Secretariat)|x1919-5087|v2005/008, Gulf Region|w(CaOODSP)9.506226 |
| 856 | 40|ahttp://publications.gc.ca|qPDF|s278 KB|uhttps://publications.gc.ca/collections/collection_2011/mpo-dfo/Fs70-6-2005-008-eng.pdf|y2005/008, Gulf Region |